Ivanhoe (Registo nº 766)
[ vista simples ]
| 000 -Etiqueta do registo | |
|---|---|
| Cabeçalho | 00737nam0a22003011 4500 |
| 005 - Identificador da versão | |
| Campo de controlo | 20240813121814.0 |
| 010 ## - Número internacional normalizado dos livros (ISBN) | |
| Número (ISBN) | 9722013998 |
| 021 ## - Número do Depósito Legal | |
| Código do país | PT |
| Número | 111 191/97 |
| 035 ## - Other System Control Numbers | |
| System Control Number | 0000836 |
| System Control Number | 0000831 |
| System Control Number | 0000824 |
| System Control Number | 0000812 |
| 100 ## - Dados gerais de processamento | |
| Dados gerais de processamento | 20080118d1997 a e0pory5003 ba |
| 102 ## - Pais de publicação ou produção | |
| País de publicação | Portugal |
| 101 1# - Língua de publicação | |
| Língua do texto, banda sonora, etc. | Português |
| Língua do documento no original | Inglês |
| 106 ## - Campo de dados codificados: material textual | |
| Dados codificados do material textual | r |
| 105 ## - Campo de dados codificados: livros | |
| Dados codificados dos livros | y z 001yy |
| 215 ## - Descrição física | |
| Indicação específica da natureza do documento e extensão da espécie | 503 p. |
| Outras indicações físicas | s/ ilustrações |
| Dimensões | cm |
| 200 1# - Titulo e menção de responsabilidade | |
| Título próprio | Ivanhoe |
| Primeira menção de responsabilidade | Walter Scott |
| Outras menções de responsabilidade | trad. Pedro Tavares |
| 225 2# - Colecção | |
| Título próprio da colecção | Biblioteca Juvenil Dom Quixote |
| Indicação de volume | 15/16 |
| 205 ## - Menção da edição | |
| Menção da edição | 1ª ed. |
| 210 ## - Publicação, Distribuição, etc. | |
| Lugar da edição, distribuição, etc. | Lisboa |
| Nome do editor, distribuidor, etc. | Publicações Dom Quixote |
| Data da publicação, distribuição, etc. | 1997 |
| 702 #1 - Nome de autor-pessoa física (responsabilidade secundária) | |
| Número de registo de entrada de autoridade | 0001071 |
| Código de função | Tradutor |
| 942 ## - Elementos de entrada adicionados (Koha) | |
| Tipo de item no Koha | Livro |
| Situação do levantamento | Origin of item (home branch) (coded) | Biblioteca de empréstimo | Código de barras | Cota | Circulation type (not for loan) | Tipo de documento | Nota do exemplar | Damaged status |
|---|---|---|---|---|---|---|---|---|
| Biblioteca Escolar Eng. Nuno Mergulhão | Biblioteca Escolar Eng. Nuno Mergulhão | BENM1481 | 8EST SCO | Livro | Sem mensagem |
